<?xml version="1.0" encoding="UTF-8"?>
<record
    xmlns:xsi="http://www.w3.org/2001/XMLSchema-instance"
    xsi:schemaLocation="http://www.loc.gov/MARC21/slim http://www.loc.gov/standards/marcxml/schema/MARC21slim.xsd"
    xmlns="http://www.loc.gov/MARC21/slim">

  <leader>00841nam a22002293i 4500</leader>
  <controlfield tag="001">78174</controlfield>
  <controlfield tag="003">BD-RjUL</controlfield>
  <controlfield tag="005">20211209083110.0</controlfield>
  <controlfield tag="008">210405m19531373ii            ||| | urd d</controlfield>
  <datafield tag="035" ind1=" " ind2=" ">
    <subfield code="a">(BD-RjUL)78400</subfield>
  </datafield>
  <datafield tag="040" ind1=" " ind2=" ">
    <subfield code="a">UkOxU</subfield>
    <subfield code="b">eng</subfield>
    <subfield code="e">rda</subfield>
    <subfield code="c">UkOxU</subfield>
  </datafield>
  <datafield tag="041" ind1=" " ind2=" ">
    <subfield code="a">urd</subfield>
  </datafield>
  <datafield tag="082" ind1=" " ind2=" ">
    <subfield code="2">23</subfield>
    <subfield code="a">297.122503</subfield>
    <subfield code="b">NOM 1953</subfield>
  </datafield>
  <datafield tag="100" ind1=" " ind2=" ">
    <subfield code="a">&#x646;&#x639;&#x645;&#x627;&#x646;&#x6CC; &#x639;&#x628;&#x62F; &#x627;&#x644;&#x631;&#x634;&#x6CC;&#x62F;  ;; Nu&#x2BB;m&#x101;n&#x12B;, Abdurrash&#x12B;d</subfield>
    <subfield code="9">99464</subfield>
  </datafield>
  <datafield tag="245" ind1="0" ind2="0">
    <subfield code="a">&#x645;&#x643;&#x645;&#x644; &#x644;&#x63A;&#x62A; &#x627;&#x644;&#x642;&#x631;&#x622;&#x646; ;; Mukammal lug&#x332;h&#x332;&#x101;t al-Qur&#x2BC;&#x101;n :</subfield>
    <subfield code="b"> &#x645;&#x639; &#x641;&#x6C1;&#x631;&#x633;&#x62A; &#x627;&#x644;&#x641;&#x627;&#x638;  ;'; ma&#x2BB;a fihrist-i alf&#x101;z&#x324; /</subfield>
    <subfield code="c">&#x639;&#x628;&#x62F; &#x627;&#x644;&#x631;&#x634;&#x64A;&#x62F; &#x646;&#x639;&#x645;&#x627;&#x646;&#x64A; ;;  Abdurrash&#x12B;d Nu&#x2BB;m&#x101;n&#x12B;</subfield>
  </datafield>
  <datafield tag="264" ind1=" " ind2="1">
    <subfield code="a">Dihl&#x12B; :</subfield>
    <subfield code="b">Nadvat al-Mu&#x1E63;annif&#x12B;n,</subfield>
    <subfield code="c">1953</subfield>
  </datafield>
  <datafield tag="300" ind1=" " ind2=" ">
    <subfield code="a">v. ;</subfield>
    <subfield code="c">25 cm</subfield>
  </datafield>
  <datafield tag="490" ind1=" " ind2=" ">
    <subfield code="a">&#x633;&#x644;&#x633;&#x644;&#x6C1;&#x621; &#x646;&#x62F;&#x648;&#x6C1; &#x627;&#x644;&#x645;&#x635;&#x646;&#x641;&#x6CC;&#x646;  ; </subfield>
    <subfield code="v">55</subfield>
  </datafield>
  <datafield tag="505" ind1=" " ind2=" ">
    <subfield code="a">Vol. 4.--</subfield>
  </datafield>
  <datafield tag="650" ind1=" " ind2=" ">
    <subfield code="a">Dictionary</subfield>
    <subfield code="v">Al-Quran</subfield>
    <subfield code="9">246805</subfield>
  </datafield>
  <datafield tag="942" ind1=" " ind2=" ">
    <subfield code="2">ddc</subfield>
    <subfield code="c">REF</subfield>
  </datafield>
  <datafield tag="999" ind1=" " ind2=" ">
    <subfield code="c">78174</subfield>
    <subfield code="d">78174</subfield>
  </datafield>
  <datafield tag="952" ind1=" " ind2=" ">
    <subfield code="0">0</subfield>
    <subfield code="1">0</subfield>
    <subfield code="2">ddc</subfield>
    <subfield code="4">0</subfield>
    <subfield code="7">1</subfield>
    <subfield code="8">REF</subfield>
    <subfield code="a">RUCL</subfield>
    <subfield code="b">RUCL</subfield>
    <subfield code="c">Reference</subfield>
    <subfield code="d">2021-04-06</subfield>
    <subfield code="e">Quran Manjil , Rajshahi</subfield>
    <subfield code="g">62.00</subfield>
    <subfield code="l">0</subfield>
    <subfield code="o">UR 297.122503 NOM V-4 1953</subfield>
    <subfield code="r">2021-04-06 00:00:00</subfield>
    <subfield code="t">C-1</subfield>
    <subfield code="w">2021-12-09</subfield>
    <subfield code="y">REF</subfield>
  </datafield>
</record>
